00691 2200253 4500001002100000005001700021008004100038020002200079035002400101040001200125082001100137084001700148100002000165245007800185250001100263260002800274300003200302500001500334650002100349700002100370850001200391990001700403990001700420INLIS00000000002233620160907100150.0  a978-602-257-918-2 0010-091600000000108 aYOPDYOG a028.55 a028.55 Ani A aAnisa Widiyarti aAku Berani Begini, Aku Berani Begituc/ Anisa Widiyarti, Editor, Hariyadi aCet. 1 aSolobTiga Anandac2014 a128 hlm.b: ilus.c; 26 cm. aHlm. 5-128 aBuku Cerita Anak aHariyadi, Dhidit aYOPDYOG a3865-KS/B.15 a3866-KS/B.15